Argentyńczycy w Atletico Madryt - nagła śmierć - Statystyki

Ogólne statystyki
  • Ten quiz został rozwiązany 40 razy
  • Średni wynik to 6 z 12
Answers on the Grid
Answers color-coded by a green-red scale on the quiz's grid according to % correct below.
Roberto Abbondanzieri
Sergio Aguero
Julian Alvarez
Roberto Ayala
Abel Balbo
Esteban Cambiasso
Claudio Caniggia
Angel Correa
Angel Di Maria
Paulo Dybala
Juan Esnaider
Leo Franco
Gonzalo Higuain
Ariel Ibagaza
Lionel Messi
Nahuel Molina
Rodrigo de Paul
Nicolas Otamendi
Fernando Redondo
Maxi Rodriguez
Diego Simeone
Giuliano Simeone
Santiago Solari
Carlos Tevez
 
Statystyki odpowiedzi
Odpowiedź % Poprawnych
Julian Alvarez
89%
Angel Correa
83%
Sergio Aguero
81%
Rodrigo de Paul
78%
Diego Simeone
69%
Giuliano Simeone
69%
Nahuel Molina
67%
Maxi Rodriguez
36%
Ariel Ibagaza
22%
Santiago Solari
14%
Juan Esnaider
11%
Leo Franco
8%
Nie znaleziono quizów pasujących do podanych kryteriów
Rozkład punktacji
Procent ludzi z każdym wynikiem
Percentyl według liczby udzielonych odpowiedzi
Twoja historia wyników
Nie rozwiązałeś tego quizu